| 000 | 00530cam a2200205ua 4500 | ||
|---|---|---|---|
| 001 | 2239 | ||
| 008 | 110805n ii |||gr||||Z||||||eng | ||
| 020 | _a81-7096-321-4 | ||
| 040 | _cMAIN | ||
| 082 | _a370.1 | ||
| 100 |
_aBhatia, K. K., _d1983, |
||
| 245 | 1 |
_aPrinciples & pratice of education _cby K. K. Bhatia |
|
| 250 | _a2nd. | ||
| 260 |
_aLudhiana: _bKalyani Publishers.,996. |
||
| 300 |
_a144p: _c23cm. |
||
| 653 | _aEducation | ||
| 653 | _aPrinciples & pratice of education | ||
| 700 | _aPurohit, Trinath, | ||
| 942 | _cBK | ||
| 999 |
_c2106 _d2106 |
||